Qui a Peint ces Célèbres Tableaux ? - Statistiques

Statistiques générales
  • Ce quiz a été pris 1 926 fois
  • Le résultat moyen est 10 sur 15
Statistiques - réponses
Par images Réponse % Correct
Vincent Van Gogh (Nuit étoilée)
93%
Pablo Picasso (Guernica)
91%
Eugène Delacroix (La liberté guidant le peuple)
84%
Edvard Munch (Le cri)
82%
Michel-Ange (La création d'Adam)
80%
Sandro Botticelli (La naissance de Vénus)
75%
Léonard de Vinci (La Cène)
72%
Édouard Manet (Déjeuner sur l'herbe)
70%
Johannes Vermeer (La jeune fille à la perle)
69%
Théodore Géricault (Le radeau de la méduse)
59%
Jacques-Louis David (Le sacre de Napoléon)
52%
Pierre-Auguste Renoir (Bal du moulin de la Galette)
51%
Francisco de Goya (El tres de mayo)
45%
Gustave Courbet (Le désespéré)
41%
Grant Wood (American Gothic)
18%
Aucun quiz correspondant
Distribution des résultats
% des personnes avec chaque résultat
Percentile par nombre de réponses
Votre historique - résultats
Vous n’avez pas pris ce quiz